Ταξιδευόντας στο σημερινό κόσμο
Αποθηκεύτηκε σε:
| Κύριος συγγραφέας: | |
|---|---|
| Άλλοι συγγραφείς: | |
| Μορφή: | Βιβλίο |
| Γλώσσα: | Greek |
| Δημοσίευση: |
Αθήνα :
[χ.ό.],
1980
|
| Θέματα: | |
| Ετικέτες: |
Προσθήκη ετικέτας
Δεν υπάρχουν, Καταχωρήστε ετικέτα πρώτοι!
|
MARC
| LEADER | 00000cam a2200000 i 4500 | ||
|---|---|---|---|
| 001 | 1/95686 | ||
| 008 | 081017s1980 gr | ||| |||| ||gre|| | ||
| 035 | |l 10100992 | ||
| 040 | |a GR-MY-UA |b gre |e aacr | ||
| 041 | 0 | |a gre | |
| 082 | 0 | |a 910.91 |2 (22) | |
| 100 | 1 | |a Πλατανιάς, Θωμάς Αθ. | |
| 245 | 1 | 0 | |a Ταξιδευόντας στο σημερινό κόσμο / |c Θωμά Πλατάνια ; με πρόλογο Ανδρέα Καραντώνη |
| 260 | |a Αθήνα : |b [χ.ό.], |c 1980 | ||
| 300 | |a 2 τ.; |b φωτ.; |c 24 εκ. | ||
| 504 | |a Περιλαμβάνει βιβλιογραφίες | ||
| 505 | 0 | |a Τ.1. Ευρώπη - Αμερική.τ.2. Ασία - Αφρική | |
| 650 | 0 | 0 | |a Voyages and travels. |
| 650 | 0 | 0 | |a Travelers' writings, Greek. |
| 651 | 0 | |a Asia |x Description and travel. | |
| 651 | 0 | |a Africa |x Description and travel. | |
| 700 | 1 | |4 aui |a Καραντώνης, Ανδρέας, |d 1910-1982. | |
| 740 | 0 | 2 | |a Ευρώπη - Αμερική |
| 740 | 0 | 2 | |a Ασία - Αφρική |
| 852 | |a INST |b RHODES |c AKA |e 20081017 |h 910.91 ΠΛΑ |p 005400031001 |q 005400031001 |t BK |v τ.2: |y 0 |z τ.2 | ||
| 852 | |a INST |b RHODES |c AKA |e 20081218 |h 910.91 ΠΛΑ |p 005400031758 |q 005400031758 |t BK |v τ.1: |y 0 |z τ.1 | ||
| 853 | |a INST |b RHODES |c AKA |h 910.91 ΠΛΑ | ||
| 901 | |a BIBL4-2008-3 | ||
| 909 | |a Ρ |b 153381 | ||
| 909 | |a Ρ |b 156737 | ||
| 970 | |a ΧΑΡΙΟΠΟΛΙΤΟΥ |b ΚΩΝΣΤΑΝΤΙΝΑ |z 2008/10/17 | ||